LEADER 01049nam a2200205 i 4500 001 000000195639 003 CaOOAMICUS 005 20110111000000.0 008 110111s1583 xx u000 u lat u 013 $a174317 040 $aSeMil$bita 245 10$aIn Marci Tullii Ciceronis De Philisophia volumen primum et secundum commentariorum. 260 $aVenezia :$bapud Aldum,$c1583. 300 $a21,5 x 32 ;$cvol. 1 con due tomi ;$cpp. I, 340 ;$cII, 356 ;$cgr. e rom. 500 $aDescrizione da : Incunaboli e Cinquecentine della Biblioteca del Seminario di Milano / catalogo a cura di Ubaldo Valentini, Milano 1981. - Numero di catalogo : 1064. 700 1 $aManuzio, Aldo,$c.$0(OLS)http://semarc/name/70983 850 $aSeMil 852 $aSeMil$W1$xVenegono$y1$mFV.C I 39 ^$j146208$B146208$CSeMilBibl$Z2$F157687 $86 996 $6245$aIn Marci Tullii Ciceronis De Philisophia volumen primum et secundum commentariorum$9(OLS)http://semarc/title/282326 996 $6260$aVenezia :$bapud Aldum$9(OLS)http://semarc/publisher/44567 LEADER 01237nam a2200277 i 4500 001 000000223313 003 CaOOAMICUS 005 20131009000000.0 008 131009s2001 it u000 u eng u 013 $a202210 020 $a0-8091-0534-9 040 $aSeMil$bita 100 1 $aSullivan, Francis A.$0(OLS)http://semarc/name/19856 245 10$aFrom apostles to bishops :$bthe development of the episcopacy in the early church /$cFrancis A. Sullivan. 260 $aNew York :$bNewman Press,$c2001. 300 $aXI, 253 p. ;$c24 cm. 500 $aFondo card. C. M. Martini. 650 4$aChiesa primitiva e delle origini .$0(OLS)http://semarc/subject/1281 650 4$aChiesa primitiva e delle origini - Episcopato.$0(OLS)http://semarc/subject/39731 850 $aSeMil 852 $aSeMil$W1$xVenegono$y1$m3A IV 287$j173659$B173659$CSeMilBibl$Z2$F185592 $81 941 1 $a4 961 $aLascito: Martini Card. Carlo Maria 996 $6020$a0-8091-0534-9$9(OLS)http://semarc/number/223238 996 $6245$aFrom apostles to bishops :$bthe development of the episcopacy in the early church$9(OLS)http://semarc/title/320236 996 $6260$aNew York :$bNewman Press$9(OLS)http://semarc/publisher/35866